| Registos Bibliográficos associados ao registo de autoridade |
|
Etiqueta de registo: 00000nam 2200025 450 001 1975240 003 http://id.bnportugal.gov.pt/bib/catbnp/1975240 100 ## $a20171031d2015 k y0pory01030103ba 101 0# $apor$deng 102 ## $aPT 105 ## $aa m 000yy 106 ## $ar 200 1# $aCrédito compensatório e alimentos pós-divórcio$econtributo para a compreensão de um sistema bimodal$fPaula Sofia Couceiro de Almeida Távora Vítor$gorient. Guilherme Freire Falcão de Oliveira 210 #9 $aCoimbra$c[s.n.],$d2015 215 ## $aXXIV, 623 p.$cil.$d30 cm 328 #1 $aTese dout. Direito (Ciências Jurídico-Civilísticas), Faculdade de Direito, Univ. de
Coimbra, 2015 675 ## $a347.61/.62(469)(043)$vBN$zpor$31698282 700 #1 $aVítor,$bPaula Távora$31291845 702 #1 $aOliveira,$bGuilherme de,$f1947-$4727$378148 801 #0 $aPT$bBN$gRPC 966 ## $lBN$mFGMON$sS.C. 146779 V.$x1
Etiqueta de registo: 00230nam 2200025 450 001 1723287 003 http://id.bnportugal.gov.pt/bib/catbnp/1723287 010 ## $a978-972-32-1555-7 021 ## $aPT$b269511/2008 100 ## $a20090828d2008 k y0pory0103 ba 101 0# $apor 102 ## $aPT 105 ## $ay v 000yy 106 ## $ar 200 1# $a A administração do património das pessoas com capacidade diminuída$fPaula Távora Vítor 210 #9 $aCoimbra$cCoimbra Editora,$d2008 215 ## $a358, [1] p.$d24 cm 225 2# $aCentro de direito da familia$v10 320 ## $aBibliografia, p. 333-348 675 ## $a347.64$vBN$zpor$31395565 675 ## $a347.16$vBN$zpor$31395566 700 #1 $aVítor,$bPaula Távora$31291845 801 #0 $aPT$bBN$gRPC 966 ## $lBN$mFGMON$sS.C. 118747 V.$x1
Etiqueta de registo: 00230nam 2200025 450 001 1649929 003 http://id.bnportugal.gov.pt/bib/catbnp/1649929 100 ## $a20070620d2004 k y0pory0103 ba 101 0# $apor 102 ## $aPT 105 ## $ay m 000yy 106 ## $ar 200 1# $a A administração do património das pessoas com capacidade diminuída em razão de anomalia
psíquica$bTexto policopiado]$e uma aproximação civilística às soluções à margem da tutela e da curatela$fPaula Távora Vítor 210 #9 $aCoimbra$c[s.n.],$d2004 215 ## $a263 f.$d30 cm 320 ## $aBibliografia, f. 239-257 328 #0 $bTese mestr.$cCiências Jurídico-Civilísticas$eFac. de Direito, Univ. de Coimbra$d2004 675 ## $a347.64(043)$vBN$zpor$31294821 675 ## $a347.16(043)$vBN$zpor$31294822 700 #1 $aVítor,$bPaula Távora$31291845 712 02 $aUniversidade de Coimbra.$bFaculdade de Direito$4295$319856 801 #0 $aPT$bBN$gRPC 966 ## $lBN$mFGMON$sS.C. 108840 V.$x1
Etiqueta de registo: 00000nam 2200025 450 001 2032057 003 http://id.bnportugal.gov.pt/bib/catbnp/2032057 010 ## $a978-972-40-8254-7 021 ## $aPT$b474496/20 100 ## $a20191025d2020 k y0pory01030103ba 101 0# $apor 102 ## $aPT 105 ## $ay z 000yy 106 ## $ar 200 1# $aCrédito compensatório e alimentos pós-divórcio$fPaula Távora Vítor 210 #9 $aCoimbra$cAlmedina,$d2020 215 ## $a632 p.$d24 cm 225 2# $aTeses de doutoramento 675 ## $a347.61/.62(469)$vBN$zpor$31505367 700 #1 $aVítor,$bPaula Távora$31291845 801 #0 $aPT$bBN$gRPC 856 41 $uhttp://rnod.bnportugal.gov.pt/ImagesBN/winlibimg.aspx?skey=&doc=2032057&img=146916&save=true 900 ## $aBIBNAC$d20210113 966 ## $lBN$mFGMON$sS.C. 154162 V. 966 ## $lBN$mFGMON$sS.C. 154162 V.-D
Etiqueta de registo: 00000nam 2200025 450 001 2097213 003 http://id.bnportugal.gov.pt/bib/catbnp/2097213 010 ## $a978-989-9075-14-6 021 ## $aPT$b488640/21 100 ## $a20220408d2021 k y0pory01030103ba 101 0# $apor 102 ## $aPT 105 ## $ay v 000yy 106 ## $ar 200 1# $a ( R)evolução da legislação à luz da convenção sobre os direitos das pessoas com deficiência$fEduardo António da Silva Figueiredo$gorient. e supervisão Maria João da Silva Baila Madeira Antunes, Paula Sofia Couceiro
de Almeida Távora Vítor 210 #9 $aCoimbra$cInstituto Jurídico da Faculdade de Direito da Universidade de Coimbra,$d2021 215 ## $a285 p.$d23 cm 675 ## $a342.7-056.2$vBN$zpor$31153275 700 #1 $aFigueiredo,$bEduardo António da Silva$31781791 702 #1 $aAntunes,$bMaria João$4727$31782475 702 #1 $aVítor,$bPaula Távora$4727$31291845 801 #0 $aPT$bBN$gRPC 856 41 $uhttp://rnod.bnportugal.gov.pt/ImagesBN/winlibimg.aspx?skey=&doc=2097213&img=163233&save=true 900 ## $aBIBNAC$d20220421 966 ## $lBN$mFGMON$sS.C. 157933 V.$x1 971 ## $ccsilva$d20220408 972 ## $e2$z0$d20220421$vmsebas 973 ## $cmcarvalho$d20220411
Etiqueta de registo: 00254nam 2200025 450 001 2280768 003 http://id.bnportugal.gov.pt/bib/catbnp/2280768 010 ## $a978-989-40-2955-7 021 ## $aPT$b555051/25 100 ## $a20260317d2025 k y0pory01030103ba 101 0# $apor 102 ## $aPT 105 ## $ay j 001yy 106 ## $ar 200 1# $aManual de direito da família$fGuilherme de Oliveira, Rui Moura Ramos$gcolab. Paula Távora Vítor, Afonso Patrão 205 ## $a3ª ed 210 #9 $aCoimbra$cAlmedina,$d2025 215 ## $a799 p.$d23 cm 225 2# $aManuais universitários 675 ## $a347.6(469)(075.8)$vBN$zpor$3941302 700 #1 $aOliveira,$bGuilherme de,$f1947-$378148 701 #1 $aRamos,$bRui Manuel Moura,$f1950-$4070$331377 702 #1 $aVítor,$bPaula Távora$4205$31291845 702 #1 $aPatrão,$bAfonso$4205$31343916 801 #0 $aPT$bBN$gRPC 856 41 $uhttp://rnod.bnportugal.gov.pt/ImagesBN/winlibimg.aspx?skey=&doc=2280768&img=220560&save=true 900 ## $aBIBNAC$d20260401 966 ## $lBN$mFGMON$sS.C. 168796 V.$x1 966 ## $lBN$mFGMON$sS.C. 168796 V.-D$x1 971 ## $cisantos$d20260317 972 ## $e0$z0$d20260401$vasantos 973 ## $cmlsousa$d20260319
|
|
|